000
00272nam a22001217a 4500
008
181009b xxu||||| |||| 00| 0 eng d
041
_a
eng
080
_2
2nd
_a
510
100
_a
38
101
_a
MAT
245
_a
Mathematic A Topical Approach
_c
Bumby,D
942
_2
udc
_c
BK
999
_c
49147
_d
49147